Bài tập ngữ pháp tiếng Anh : Danh từ - Ngữ danh từ = English grammar exercises: Nouns and Nouns phrase

Giới thiệu một số bài tập ngữ pháp tiếng Anh về cấu tạo danh từ, danh từ đếm được và không đếm được

Wedi'i Gadw mewn:
Manylion Llyfryddiaeth
Prif Awdur: Ngọc Hà
Fformat: Llyfr
Iaith:Undetermined
Cyhoeddwyd: Hà Nội Dân Trí 2011
Pynciau:
Tagiau: Ychwanegu Tag
Dim Tagiau, Byddwch y cyntaf i dagio'r cofnod hwn!
Thư viện lưu trữ: Trung tâm Học liệu Trường Đại học Cần Thơ
LEADER 00888nam a2200229Ia 4500
001 CTU_188609
008 210402s9999 xx 000 0 und d
020 |c 26000 
082 |a 425.076 
082 |b Ng419 
100 |a Ngọc Hà 
245 0 |a Bài tập ngữ pháp tiếng Anh : 
245 0 |b Danh từ - Ngữ danh từ = English grammar exercises: Nouns and Nouns phrase 
245 0 |c Ngọc Hà, Minh Đức 
260 |a Hà Nội 
260 |b Dân Trí 
260 |c 2011 
520 |a Giới thiệu một số bài tập ngữ pháp tiếng Anh về cấu tạo danh từ, danh từ đếm được và không đếm được 
650 |a English language,Tiếng Anh 
650 |x Noun,Danh từ 
910 |a Phan Trường Nhất,Hải 
980 |a Trung tâm Học liệu Trường Đại học Cần Thơ